Nové aspekty v uplatňovaní bilaterálnych daňových zmlúv diplomová práca

Na minha lista:
Detalhes bibliográficos
Autor principal: Žúžiová, Klaudia
Autor Corporativo: Fakulta podnikového manažmentu EU. Katedra podnikových financií
Outros Autores: Ďurinová, Ivona, 1964-
Formato: Livro
Idioma:eslovaco
Publicado em: Bratislava 2024
Tags: Adicionar Tag
Sem tags, seja o primeiro a adicionar uma tag!

MARC

LEADER 00000nbm a2200000 4500
001 0304072
005 20250224114151.8
041 0 |a slo 
044 |a SK 
245 1 0 |a Nové aspekty v uplatňovaní bilaterálnych daňových zmlúv  |b diplomová práca  |c Klaudia Žúžiová ; školiteľ: Ivona Ďurinová 
264 1 |a Bratislava  |c 2024 
300 |a 85 s. 
100 1 |a Žúžiová, Klaudia 
700 1 |a Ďurinová, Ivona, 1964- 
710 2 |a Fakulta podnikového manažmentu EU. Katedra podnikových financií